[Event "RN-2019-0-01584"]
[Site "LSS email"]
[Date "2019.12.10"]
[Round "?"]
[White "Bester, Kazimierz"]
[Black "Pauk, Jozef"]
[Result "0-1"]
[WhiteElo "671"]
[BlackElo "647"]
[PlyCount "48"]
[EventDate "2019.11.20"]
[EventType "tourn (corr)"]
[EventRounds "6"]
[EventCountry "GER"]
[SourceTitle "Corr 2022"]
[Source "ChessBase"]
[SourceDate "2021.10.24"]
[SourceVersion "1"]
[SourceVersionDate "2021.10.24"]
[SourceQuality "1"]

1. d4 d5 2. Nf3 Bf5 3. e3 Nf6 4. Be2 e6 5. 0-0 c6 6. Nbd2 Bd6 7. Ne5 Ne4 8. f3 Ng5 9. h4 Nh3+ 10. gxh3 Qxh4 11. Rf2 Bxh3 12. f4 Qg3+ 13. Kh1 Qxf2 14. Bf3 Qh4 15. Kg1 Qg3+ 16. Kh1 Bxe5 17. dxe5 h5 18. c3 Qh4 19. Nb3 Bg4+ 20. Kg1 Qg3+ 21. Kf1 Bxf3 22. Qd2 Qh3+ 23. Kf2 Qg2+ 24. Ke1 Qg1# 0-1

[Event "RN-2019-0-01579"]
[Site "LSS email"]
[Date "2019.11.18"]
[Round "?"]
[White "Bester, Kazimierz"]
[Black "Venturas, Bob"]
[Result "1-0"]
[WhiteElo "695"]
[BlackElo "592"]
[PlyCount "157"]
[EventDate "2019.11.04"]
[EventType "tourn (corr)"]
[EventRounds "6"]
[EventCountry "GER"]
[SourceTitle "Corr 2022"]
[Source "ChessBase"]
[SourceDate "2021.10.24"]
[SourceVersion "1"]
[SourceVersionDate "2021.10.24"]
[SourceQuality "1"]

1. d4 d5 2. Nf3 Nc6 3. e3 a6 4. Be2 h6 5. 0-0 Nf6 6. c3 Bf5 7. Nbd2 e6 8. Ne5 Nxe5 9. dxe5 Nd7 10. f4 Be7 11. Nf3 0-0 12. Nd4 Be4 13. Bd2 c5 14. Nf3 c4 15. Nd4 Nc5 16. Be1 Bh4 17. g3 Be7 18. Bf2 Qe8 19. Rc1 f6 20. exf6 Bxf6 21. Bh5 g6 22. Be2 Rd8 23. Nf3 Kh8 24. Nd4 g5 25. Bh5 Qe7 26. Qg4 Bxd4 27. cxd4 Nd3 28. Rc2 Ne5 29. fxe5 Bxc2 30. Rc1 Be4 31. Qd1 Rg8 32. Be2 Rdf8 33. Bg4 Qh7 34. Bxe6 Bf3 35. Qe1 Rg7 36. Bh3 Qg6 37. Qb4 Kg8 38. Bf1 Qe4 39. Qd6 Bh1 40. Qxh6 Rh7 41. Qxg5+ Kh8 42. h4 Rxf2 43. Kxf2 Qf3+ 44. Ke1 Rg7 45. Qh6+ Kg8 46. Qe6+ Rf7 47. Kd2 Qf2+ 48. Be2 Bf3 49. Re1 Qxg3 50. Bxf3 Qxf3 51. Rg1+ Kf8 52. Qc8+ Ke7 53. Qxb7+ Ke8 54. Qc8+ Ke7 55. Qc7+ Ke8 56. Rg8+ Rf8 57. Qc6+ Kf7 58. Rxf8+ Kxf8 59. Qd6+ Ke8 60. Qg6+ Kd7 61. e6+ Ke7 62. Qf7+ Qxf7 63. exf7 Kxf7 64. Ke2 Kg6 65. Kf3 Kf5 66. a4 a5 67. Kg3 Kg6 68. Kg4 Kh6 69. h5 Kg7 70. Kg5 Kh7 71. h6 Kg8 72. Kg6 Kh8 73. Kh5 Kh7 74. Kg5 Kg8 75. Kf5 Kh7 76. Ke5 Kxh6 77. Kxd5 Kg5 78. Kxc4 Kf5 79. Kd3 1-0

[Event "RN-2019-0-01579"]
[Site "LSS email"]
[Date "2019.11.18"]
[Round "?"]
[White "Heiser, Jerome"]
[Black "Bester, Kazimierz"]
[Result "1-0"]
[WhiteElo "571"]
[BlackElo "695"]
[PlyCount "97"]
[EventDate "2019.11.04"]
[EventType "tourn (corr)"]
[EventRounds "6"]
[EventCountry "GER"]
[SourceTitle "Corr 2022"]
[Source "ChessBase"]
[SourceDate "2021.10.24"]
[SourceVersion "1"]
[SourceVersionDate "2021.10.24"]
[SourceQuality "1"]

1. e4 d5 2. e5 Nd7 3. d4 g6 4. Bg5 f6 5. Bh4 Nh6 6. f4 Nf5 7. Nf3 Nb6 8. Bd3 Nxh4 9. Nxh4 f5 10. a3 e6 11. g3 Bd7 12. Nc3 Be7 13. a4 Bb4 14. Qe2 Qe7 15. a5 Nc8 16. a6 b6 17. 0-0 Bc6 18. Na2 Qf8 19. Bb5 Be7 20. Bxc6+ Kf7 21. Bxa8 c5 22. c3 Bxh4 23. Bc6 Ne7 24. Bb5 Bxg3 25. hxg3 h5 26. Bd7 Qd8 27. Bb5 h4 28. Kh2 hxg3+ 29. Kxg3 Ng8 30. Rh1 Nh6 31. Rh3 Ng4 32. Rah1 Rxh3+ 33. Rxh3 Qg8 34. Qf3 Kg7 35. Nc1 Kf7 36. c4 g5 37. Nd3 gxf4+ 38. Kxf4 cxd4 39. Ne1 Ne3 40. Qh5+ Ke7 41. Qh7+ Qxh7 42. Rxh7+ Kf8 43. Rxa7 dxc4 44. Rb7 Nd5+ 45. Kg5 d3 46. Nxd3 cxd3 47. Bxd3 Nb4 48. a7 Nxd3 49. a8Q# 1-0

[Event "RN-2019-0-01579"]
[Site "LSS email"]
[Date "2019.11.18"]
[Round "?"]
[White "Neuhausen, Rainer"]
[Black "Bester, Kazimierz"]
[Result "1-0"]
[WhiteElo "1031"]
[BlackElo "695"]
[PlyCount "53"]
[EventDate "2019.11.04"]
[EventType "tourn (corr)"]
[EventRounds "6"]
[EventCountry "GER"]
[SourceTitle "Corr 2022"]
[Source "ChessBase"]
[SourceDate "2021.10.24"]
[SourceVersion "1"]
[SourceVersionDate "2021.10.24"]
[SourceQuality "1"]

1. e4 d5 2. exd5 Qxd5 3. Nc3 Qa5 4. d4 Nf6 5. Bd2 Nc6 6. Nf3 Bg4 7. Bb5 0-0-0 8. Bxc6 bxc6 9. Be3 e5 10. 0-0 e4 11. h3 Bxf3 12. gxf3 exf3 13. Qxf3 Qa6 14. a3 Bd6 15. b4 Qc4 16. Ne4 Nxe4 17. Qxe4 g6 18. b5 Rde8 19. Qxc6 Qe6 20. Qa8+ Kd7 21. Qc6+ Ke7 22. Bg5+ Kf8 23. Bh6+ Kg8 24. Rae1 Qxe1 25. Rxe1 Rxe1+ 26. Kg2 Re6 27. Qa8+ 1-0

[Event "RN-2019-0-01573"]
[Site "LSS email"]
[Date "2019.10.28"]
[Round "?"]
[White "Hughes, Peter James"]
[Black "Bester, Kazimierz"]
[Result "0-1"]
[WhiteElo "557"]
[BlackElo "702"]
[PlyCount "94"]
[EventDate "2019.10.10"]
[EventType "tourn (corr)"]
[EventRounds "6"]
[EventCountry "GER"]
[SourceTitle "Corr 2022"]
[Source "ChessBase"]
[SourceDate "2021.10.24"]
[SourceVersion "1"]
[SourceVersionDate "2021.10.24"]
[SourceQuality "1"]

1. e4 d5 2. exd5 Qxd5 3. Nc3 Qa5 4. a3 Nc6 5. b4 Nxb4 6. Rb1 Nc6 7. Rb5 Qa6 8. Nf3 Bg4 9. h3 Bd7 10. d4 b6 11. Nd5 Qb7 12. Ng5 h6 13. Ne4 e6 14. Nc5 Qc8 15. Qe2 Nxd4 16. Qc4 Nxb5 17. Nxd7 exd5 18. Qc6 Nd4 19. Qa4 Qxd7 20. Qxd4 Nf6 21. Qb2 Bc5 22. Bb5 c6 23. Ba6 0-0 24. 0-0 Ne4 25. Bd3 Ng3 26. Re1 d4 27. c3 dxc3 28. Qxc3 Rad8 29. Bf1 Bd4 30. Qxg3 b5 31. Kh1 Qb7 32. Qg4 c5 33. Bxh6 Rd6 34. Bd3 c4 35. Be4 Qb6 36. Bf4 Re6 37. Be3 Rfe8 38. f3 Bxe3 39. h4 Bf2 40. Re2 Bxh4 41. g3 Bf6 42. Rh2 g6 43. Qh3 Kf8 44. f4 Ke7 45. Bd5 Re1+ 46. Kg2 Rh8 47. Qg4 Qg1+ 0-1

[Event "RN-2019-0-01568"]
[Site "LSS email"]
[Date "2019.10.03"]
[Round "?"]
[White "Vontina, Maria"]
[Black "Bester, Kazimierz"]
[Result "1-0"]
[WhiteElo "822"]
[BlackElo "690"]
[PlyCount "83"]
[EventDate "2019.09.26"]
[EventType "tourn (corr)"]
[EventRounds "6"]
[EventCountry "GER"]
[SourceTitle "Corr 2022"]
[Source "ChessBase"]
[SourceDate "2021.10.24"]
[SourceVersion "1"]
[SourceVersionDate "2021.10.24"]
[SourceQuality "1"]

1. e4 d5 2. exd5 Qxd5 3. Nc3 Qa5 4. Nf3 Nf6 5. Bc4 Bg4 6. 0-0 Nbd7 7. Be2 0-0-0 8. d3 e6 9. Bd2 Qh5 10. Re1 Nc5 11. h3 Bxf3 12. Bxf3 Qg6 13. b4 Na6 14. a3 h5 15. Be3 Be7 16. Ne4 Nd5 17. Bd2 f5 18. Nc3 Bh4 19. Nxd5 exd5 20. Bf4 Qb6 21. Be3 d4 22. Bf4 g5 23. Be5 Rhg8 24. Bxh5 g4 25. hxg4 fxg4 26. Bxg4+ Kb8 27. Bh3 Qg6 28. Qf3 Rgf8 29. Bf4 Bg5 30. Re4 Rf6 31. g3 Rdf8 32. Kf1 Bxf4 33. Rxf4 Rxf4 34. gxf4 c6 35. Qg3 Qf6 36. f5+ Nc7 37. Re1 b5 38. Re6 Qf7 39. Rxc6 Rg8 40. Rg6 Rd8 41. Rg7 Qxg7 42. Qxg7 1-0

[Event "RN-2019-0-01561"]
[Site "LSS email"]
[Date "2019.09.11"]
[Round "?"]
[White "Bester, Kazimierz"]
[Black "Venturas, Bob"]
[Result "1-0"]
[WhiteElo "647"]
[BlackElo "497"]
[PlyCount "87"]
[EventDate "2019.09.01"]
[EventType "tourn (corr)"]
[EventRounds "6"]
[EventCountry "GER"]
[SourceTitle "Corr 2022"]
[Source "ChessBase"]
[SourceDate "2021.10.24"]
[SourceVersion "1"]
[SourceVersionDate "2021.10.24"]
[SourceQuality "1"]

1. d4 d5 2. Nf3 Nc6 3. e3 a6 4. Be2 h6 5. 0-0 Nf6 6. c3 Qd6 7. Na3 e5 8. dxe5 Nxe5 9. Nxe5 Qxe5 10. f4 Qd6 11. Nc2 Be7 12. Nd4 0-0 13. Nf3 Bf5 14. Ne5 Ne4 15. Bd3 Bf6 16. Nf3 c5 17. Ne1 c4 18. Bc2 Qe6 19. g3 Bh3 20. Ng2 Rae8 21. Qe2 Be7 22. Rd1 Bg4 23. Qf1 Bxd1 24. Qxd1 Bc5 25. Qf3 f5 26. Ba4 b5 27. Bd1 Bb6 28. a3 a5 29. Bc2 Rd8 30. Qh5 Nf6 31. Qf3 Ng4 32. h3 Bxe3+ 33. Bxe3 Nxe3 34. Nxe3 g6 35. h4 h5 36. Re1 Rfe8 37. Ng2 Qb6+ 38. Kh2 Rxe1 39. Nxe1 Qe6 40. Ng2 d4 41. cxd4 Rxd4 42. Qa8+ Kf7 43. Qxa5 Rd2 44. Qxd2 1-0

[Event "RN-2019-0-01555"]
[Site "LSS email"]
[Date "2019.08.25"]
[Round "?"]
[White "Pauk, Jozef"]
[Black "Bester, Kazimierz"]
[Result "0-1"]
[WhiteElo "781"]
[BlackElo "677"]
[PlyCount "72"]
[EventDate "2019.08.02"]
[EventType "tourn (corr)"]
[EventRounds "6"]
[EventCountry "GER"]
[SourceTitle "Corr 2022"]
[Source "ChessBase"]
[SourceDate "2021.10.24"]
[SourceVersion "1"]
[SourceVersionDate "2021.10.24"]
[SourceQuality "1"]

1. d4 e6 2. e4 Ne7 3. Bc4 d5 4. exd5 exd5 5. Bd3 g6 6. Bg5 Nd7 7. Nf3 Bg7 8. Qe2 f6 9. Bd2 0-0 10. Bb4 Re8 11. 0-0 Nc6 12. Qd2 a5 13. Bc3 Nb6 14. Na3 Bg4 15. Nh4 Be6 16. Qf4 g5 17. Qg3 gxh4 18. Qxh4 f5 19. Qg3 Kh8 20. f4 Rg8 21. Qh3 Na4 22. g4 Bf8 23. Kh1 Qf6 24. gxf5 Bf7 25. Nb5 Rc8 26. Rg1 Bh6 27. Bd2 Nxb2 28. Be2 Nc4 29. Bxc4 dxc4 30. Be3 Bd5+ 31. Rg2 Bxg2+ 32. Qxg2 Rxg2 33. Kxg2 Qg7+ 34. Kf2 Qg4 35. Rg1 Qxf5 36. Rc1 Bxf4 0-1

[Event "RN-2019-0-01547"]
[Site "LSS email"]
[Date "2019.07.14"]
[Round "?"]
[White "Bester, Kazimierz"]
[Black "Vontina, Maria"]
[Result "1-0"]
[WhiteElo "722"]
[BlackElo "816"]
[PlyCount "117"]
[EventDate "2019.06.26"]
[EventType "tourn (corr)"]
[EventRounds "6"]
[EventCountry "GER"]
[SourceTitle "Corr 2022"]
[Source "ChessBase"]
[SourceDate "2021.10.24"]
[SourceVersion "1"]
[SourceVersionDate "2021.10.24"]
[SourceQuality "1"]

1. f4 Nf6 2. Nf3 d5 3. e3 Bg4 4. Be2 e6 5. 0-0 Be7 6. c3 0-0 7. Ne5 Bxe2 8. Qxe2 a6 9. d3 c5 10. Nd2 Qc7 11. a3 Nc6 12. d4 cxd4 13. exd4 Rac8 14. Qf3 h6 15. Qh3 b5 16. Ndf3 Na5 17. Be3 Nc4 18. Bc1 Nd6 19. Be3 Nf5 20. Bf2 Ne4 21. Be1 Qd8 22. Nd3 Ne3 23. Nde5 Nxf1 24. Kxf1 Nd6 25. Nh4 Bf6 26. Nhf3 Nf5 27. Ng4 Qe7 28. Nfe5 Rfd8 29. Nd3 Kh7 30. Nde5 a5 31. Qd3 Rb8 32. g3 Rdc8 33. Ne3 g6 34. N3g4 Bg7 35. Kg2 Nd6 36. Rd1 Ne4 37. Nf3 h5 38. Nge5 a4 39. Qb1 Nd6 40. Bf2 Ne4 41. Be3 Kg8 42. Nh4 Kh7 43. Nhf3 Qc7 44. Nh4 Qe7 45. Nd3 Bf6 46. Nf3 Kg7 47. Rg1 Kh7 48. Nde5 Nd6 49. Bf2 Ne4 50. Be3 Kg7 51. Ne1 g5 52. Kh1 g4 53. N1d3 Qd6 54. Nb4 Be7 55. Qf1 f5 56. Rg2 Qc7 57. Qd3 Qc4 58. Nxc4 Rxc4 59. Nc2 1-0

[Event "RN-2019-0-01547"]
[Site "LSS email"]
[Date "2019.07.13"]
[Round "?"]
[White "Plastinin, Alexandr"]
[Black "Bester, Kazimierz"]
[Result "1-0"]
[WhiteElo "1062"]
[BlackElo "722"]
[PlyCount "23"]
[EventDate "2019.06.26"]
[EventType "tourn (corr)"]
[EventRounds "6"]
[EventCountry "GER"]
[SourceTitle "Corr 2022"]
[Source "ChessBase"]
[SourceDate "2021.10.24"]
[SourceVersion "1"]
[SourceVersionDate "2021.10.24"]
[SourceQuality "1"]

1. e4 d5 2. exd5 Qxd5 3. Nc3 Qa5 4. Nf3 Nf6 5. d3 Nc6 6. Be2 Bd7 7. 0-0 0-0-0 8. a3 e5 9. Bd2 Be7 10. b4 Qb6 11. Na4 Qb5 12. c4 1-0

[Event "RN-2019-0-01544"]
[Site "LSS email"]
[Date "2019.07.03"]
[Round "?"]
[White "Bester, Kazimierz"]
[Black "Cherry, Brian"]
[Result "1-0"]
[WhiteElo "765"]
[BlackElo "316"]
[PlyCount "49"]
[EventDate "2019.06.16"]
[EventType "tourn (corr)"]
[EventRounds "6"]
[EventCountry "GER"]
[SourceTitle "Corr 2022"]
[Source "ChessBase"]
[SourceDate "2021.10.24"]
[SourceVersion "1"]
[SourceVersionDate "2021.10.24"]
[SourceQuality "1"]

1. d4 d6 2. Nf3 Nf6 3. Nbd2 c5 4. Nb3 c4 5. Nbd2 d5 6. c3 e6 7. e3 Bd6 8. Be2 Nc6 9. 0-0 Bd7 10. Ne1 Qc7 11. f4 Ne4 12. Nxe4 dxe4 13. Bxc4 0-0-0 14. d5 Ne7 15. dxe6 Qxc4 16. exd7+ Rxd7 17. Qg4 g6 18. Nc2 h5 19. Qh3 Kb8 20. Nd4 Nc6 21. Qxd7 Rd8 22. Qh3 Nxd4 23. cxd4 Qe6 24. Qxe6 fxe6 25. Bd2 1-0

[Event "RN-2019-0-01544"]
[Site "LSS email"]
[Date "2019.07.01"]
[Round "?"]
[White "Vontina, Maria"]
[Black "Bester, Kazimierz"]
[Result "1-0"]
[WhiteElo "775"]
[BlackElo "765"]
[PlyCount "73"]
[EventDate "2019.06.16"]
[EventType "tourn (corr)"]
[EventRounds "6"]
[EventCountry "GER"]
[SourceTitle "Corr 2022"]
[Source "ChessBase"]
[SourceDate "2021.10.24"]
[SourceVersion "1"]
[SourceVersionDate "2021.10.24"]
[SourceQuality "1"]

1. e4 d5 2. exd5 Qxd5 3. Nc3 Qa5 4. Nf3 Nf6 5. Be2 Nc6 6. 0-0 Bf5 7. d3 0-0-0 8. Bd2 e6 9. Ng5 Bg6 10. Nf3 Bb4 11. a3 Be7 12. Re1 h6 13. h3 Bh7 14. Ne4 Qb6 15. Nxf6 gxf6 16. b4 f5 17. Be3 Qb5 18. d4 Qa4 19. Qc1 Bf6 20. c3 Bg6 21. Bd1 Qb5 22. a4 Qd5 23. a5 h5 24. Qb2 Rhg8 25. b5 Ne7 26. c4 Qd7 27. Rc1 Bh7 28. c5 Nd5 29. c6 Qe7 30. cxb7+ Kxb7 31. b6 cxb6 32. axb6 axb6 33. Ba4 f4 34. Bd2 Bf5 35. Kh2 h4 36. Bc6+ Ka6 37. Ra1+ 1-0

[Event "RN-2019-0-01541"]
[Site "LSS email"]
[Date "2019.06.21"]
[Round "?"]
[White "Bester, Kazimierz"]
[Black "Plastinin, Alexandr"]
[Result "0-1"]
[WhiteElo "769"]
[BlackElo "969"]
[PlyCount "104"]
[EventDate "2019.06.08"]
[EventType "tourn (corr)"]
[EventRounds "6"]
[EventCountry "GER"]
[SourceTitle "Corr 2022"]
[Source "ChessBase"]
[SourceDate "2021.10.24"]
[SourceVersion "1"]
[SourceVersionDate "2021.10.24"]
[SourceQuality "1"]

1. d4 d5 2. Nf3 Nf6 3. Nbd2 Nc6 4. c3 e6 5. e3 Bd6 6. Be2 0-0 7. 0-0 e5 8. dxe5 Bxe5 9. Nxe5 Nxe5 10. f4 Neg4 11. Nf3 Qe7 12. Qd3 Re8 13. Re1 Nh6 14. Ng5 Bf5 15. Qb5 c6 16. Qb3 Ne4 17. Nf3 Ng4 18. Nd4 Bc8 19. Bxg4 Bxg4 20. Qc2 Bd7 21. Qe2 c5 22. Nf3 f6 23. a4 a6 24. Qd3 Rad8 25. Qxd5+ Kh8 26. Qxb7 Qd6 27. Qb3 Bg4 28. Nh4 g5 29. fxg5 fxg5 30. Nf3 Rg8 31. Qc4 Bxf3 32. gxf3 Nf6 33. e4 Qe5 34. Be3 Nh5 35. Bxc5 g4 36. f4 Nxf4 37. Bd4 Rxd4 38. Qxd4 Ng6 39. Rad1 h5 40. b4 Rc8 41. Rd3 Kh7 42. Qd7+ Ne7 43. Ree3 Kg8 44. Rd4 Rf8 45. Rg3 Qf6 46. Rxg4+ hxg4 47. Qxg4+ Ng6 48. Qg2 Kg7 49. e5 Qxe5 50. h4 Qe1+ 51. Kh2 Rf2 52. Rd7+ Kh6 0-1

[Event "RN-2019-0-01541"]
[Site "LSS email"]
[Date "2019.06.21"]
[Round "?"]
[White "Bester, Kazimierz"]
[Black "Venturas, Bob"]
[Result "1-0"]
[WhiteElo "769"]
[BlackElo "614"]
[PlyCount "161"]
[EventDate "2019.06.08"]
[EventType "tourn (corr)"]
[EventRounds "6"]
[EventCountry "GER"]
[SourceTitle "Corr 2022"]
[Source "ChessBase"]
[SourceDate "2021.10.24"]
[SourceVersion "1"]
[SourceVersionDate "2021.10.24"]
[SourceQuality "1"]

1. d4 d5 2. Nf3 Nc6 3. e3 a6 4. c3 h6 5. Be2 Nf6 6. 0-0 Bf5 7. Nbd2 e6 8. Ne1 Bd6 9. a3 0-0 10. c4 dxc4 11. Nxc4 Ne4 12. f3 Nf6 13. e4 Bxh2+ 14. Kxh2 Bg6 15. Be3 Nh5 16. g3 Qe7 17. Ng2 f5 18. f4 Nf6 19. e5 Ne4 20. Bd3 Rad8 21. Bxe4 fxe4 22. Nh4 Bf5 23. Nxf5 Rxf5 24. Kg2 Qf7 25. g4 Qg6 26. Kf2 Rff8 27. Rg1 b5 28. Nd2 Ne7 29. g5 Nd5 30. gxh6 Qxh6 31. Qg4 Kf7 32. Rh1 Qg6 33. Qxg6+ Kxg6 34. Rag1+ Kf7 35. Nxe4 Rg8 36. Ng5+ Ke7 37. Bd2 Rdf8 38. Rg4 Rc8 39. Ne4 Kf7 40. Nc5 Ra8 41. Rh5 a5 42. f5 exf5 43. Rxf5+ Ke7 44. Rg6 a4 45. Re6+ Kd8 46. Rf7 Nb6 47. Bg5+ Kc8 48. Ree7 Nd5 49. Rd7 c6 50. Rxg7 Rf8+ 51. Rdf7 Rh8 52. Rh7 Rg8 53. Bh6 Rb8 54. Rf8+ Rxf8+ 55. Bxf8 b4 56. Bd6 Rb5 57. Nxa4 bxa3 58. Bxa3 Ra5 59. Nc5 Nb6 60. Rh8+ Kc7 61. Ne6+ Kd7 62. Nc5+ Kc7 63. Bb4 Rb5 64. Rh7+ Kc8 65. Bc3 Nd5 66. Rh8+ Kc7 67. Ne6+ Kd7 68. Nf8+ Ke7 69. Ng6+ Kf7 70. Nh4 Nxc3 71. bxc3 Rb3 72. c4 Rb4 73. Nf5 Ke6 74. Nd6 Rb2+ 75. Ke3 Rg2 76. Re8+ Kd7 77. c5 Rg5 78. e6+ Kc7 79. Re7+ Kb8 80. Rb7+ Ka8 81. e7 1-0